000
00298nam a22001337a 4500
008
170609b xxu||||| |||| 00| 0 eng d
020
_a
9780631214779
041
_a
eng
080
_a
327
100
_a
19
101
_a
SHP
245
_a
THE GLOBALIZATION READER
_c
LECHNER.F.J
942
_2
udc
_c
BK
999
_c
16799
_d
16799